Groupes de rap français par membres - Statistiques

Statistiques générales
  • Ce quiz a été pris 243 fois
  • Le résultat moyen est 11 sur 15
Statistiques - réponses
Hint Réponse % Correct
Adams, Black M, Doomams, Gims, JR O Crom, Lefa, L.I.O. Pétrodollars, Maska Sexion d'Assaut
94%
Alonzo, Elams, Houari, Jul, Kofs, Naps, SCH, Solda, Soso Maness 13'Organisé
90%
Ademo, N.O.S PNL
87%
2zer Washington, Framal, Mekra, Nekfeu S-Crew
85%
Bné, Djeffi Jack, HK, Tiakola 4Keus
79%
JoeyStarr, Kool Shen Suprême NTM
76%
OldPee, Stavo, Zed, Zefor 13 Block
72%
Akhenaton, Freeman, Imhotep, Kephren, Kheops, Shurik'n IAM
71%
Fababy, La Fouine, Sindy, Sultan Team BS
70%
Ali, Booba Lunatic
69%
AP, Mokobé, Rim'K 113
64%
DJ Djel, Don Choa, Fel, Le Rat Luciano, Menzo, Pone, Sat l'Artificier Fonky Family
55%
Calbo, Lino Ärsenik
53%
Djiha, Gravou, Solda, Vato GUIRRI MAFIA
46%
RKM, RTI DTF
42%
Aucun quiz correspondant
Distribution des résultats
% des personnes avec chaque résultat
Percentile par nombre de réponses
Votre historique - résultats
Vous n’avez pas pris ce quiz